000 00437nam a2200181Ia 4500
001 3014
005 20260306144849.0
008 260306t1999||||xx |||||||||||||| ||spa||
041 _aESP
082 _a241.22
_bS29
100 _aScola, Angelo Mons.
_eAUT
245 0 _a¿Qué es la vida?:
_bla bioética a debate
260 _c1999
300 _a311 páginas :
_c21 cm.
650 _aGEN
654 _aCHU
942 _cLIB
_dJUS
_fJUS
_2ddc
_n
999 _c3014
_d3014